<?xml version="1.0" encoding="UTF-8"?>
<record
    xmlns:xsi="http://www.w3.org/2001/XMLSchema-instance"
    xsi:schemaLocation="http://www.loc.gov/MARC21/slim http://www.loc.gov/standards/marcxml/schema/MARC21slim.xsd"
    xmlns="http://www.loc.gov/MARC21/slim">

  <leader>02178nam a22002897a 4500</leader>
  <controlfield tag="001">0</controlfield>
  <controlfield tag="003">DR-UNIBE</controlfield>
  <controlfield tag="005">20260123162846.0</controlfield>
  <controlfield tag="008">260123b2013    dr ||||| |||| 00| 0 spa d</controlfield>
  <datafield tag="020" ind1=" " ind2=" ">
    <subfield code="a">9789945007442</subfield>
  </datafield>
  <datafield tag="040" ind1=" " ind2=" ">
    <subfield code="a">BIBLIOTECA UNIBE</subfield>
    <subfield code="b">spa</subfield>
    <subfield code="c">BIBLIOTECA UNIBE</subfield>
    <subfield code="e">rda</subfield>
  </datafield>
  <datafield tag="041" ind1=" " ind2=" ">
    <subfield code="a">spa</subfield>
  </datafield>
  <datafield tag="082" ind1=" " ind2=" ">
    <subfield code="a">RD 972.93054 G377f </subfield>
  </datafield>
  <datafield tag="100" ind1="1" ind2="0">
    <subfield code="a">Ger&#xF3;n, C&#xE1;ndido, </subfield>
    <subfield code="d">1950-</subfield>
    <subfield code="q">(Ara&#xFA;jo Ger&#xF3;n, C&#xE1;ndido)</subfield>
    <subfield code="9">24252</subfield>
    <subfield code="e">autor</subfield>
    <subfield code="e">cuidado de la edici&#xF3;n</subfield>
    <subfield code="e">dise&#xF1;ador de portada</subfield>
  </datafield>
  <datafield tag="245" ind1="1" ind2="0">
    <subfield code="a">&#xBF;Fue Sacha Volman un agente de la CIA? / </subfield>
    <subfield code="c">C&#xE1;ndido Ger&#xF3;n</subfield>
  </datafield>
  <datafield tag="250" ind1=" " ind2=" ">
    <subfield code="a">Primera edici&#xF3;n</subfield>
  </datafield>
  <datafield tag="260" ind1=" " ind2=" ">
    <subfield code="a">Santo Domingo : </subfield>
    <subfield code="b">Editora Centenario, </subfield>
    <subfield code="c">2013</subfield>
  </datafield>
  <datafield tag="300" ind1=" " ind2=" ">
    <subfield code="a">436 p&#xE1;ginas :</subfield>
    <subfield code="b">fotos b/n ;</subfield>
    <subfield code="c">22 x 15 cm</subfield>
  </datafield>
  <datafield tag="500" ind1=" " ind2=" ">
    <subfield code="a">Informaci&#xF3;n del autor en las solapas. Fotograf&#xED;as procedentes del autor, List&#xED;n Diario, El Siglo,  El Caribe, Hoy</subfield>
  </datafield>
  <datafield tag="505" ind1=" " ind2=" ">
    <subfield code="a">Dedicatoria |
Inttroducci&#xF3;n |
Silencio y olvido sobre Sacha Volman  |
Un cl&#xE1;sico original y leyenda latinoamericana  |
Testimonios del Profesor Juan Bosch y el Dr. Jose Francisco Pe&#xF1;a G&#xF3;mez sobre la conducta y la contribuci&#xF3;n de Sacha Volman a la Democracia Dominicana  |
La Solidaridad de Norman Thomas y los aportes econ&#xF3;micos de Sacha Volman para la primera etapa de organizaci&#xF3;n del PRD en Rep&#xFA;blica  Dominicana |
Las mentiras del periodista Jean-Guy Alard  |
Saacha Volman: origenes, trayectoria personal y pol&#xED;tica  |
Papel de Sacha Volman en la Revoluci&#xF3;n del 65 |
Las presiones de los Estados Unidos de Norteam&#xE9;rica con relaci&#xF3;n a que el gobierno del Profesor Juan Bosch (1963) estuvo penetrado por comunistas, motivaron un a&#xF1;o despu&#xE9;s a Sacha Volman a escribir a Arthur Schlesinger. Jr. las siguientes
 misivas  |
Norman Thomas, Juan Bosch y Jos&#xE9; Francisco Pe&#xF1;a G&#xF3;mez se escriben (1960-1965)  |
La Guerras de Liberaci&#xF3;n  |
Testimonios |
&#xCD;ndice onom&#xE1;stico</subfield>
  </datafield>
  <datafield tag="600" ind1=" " ind2="7">
    <subfield code="2">lemb</subfield>
    <subfield code="a">Sacha, Volman, </subfield>
    <subfield code="d">1923-2001</subfield>
    <subfield code="9">201848</subfield>
  </datafield>
  <datafield tag="650" ind1=" " ind2="7">
    <subfield code="2">lemb</subfield>
    <subfield code="a">Rumanos en la Rep&#xFA;blica Dominicana</subfield>
    <subfield code="9">201851</subfield>
  </datafield>
  <datafield tag="650" ind1=" " ind2="7">
    <subfield code="2">lemb</subfield>
    <subfield code="a">Agencia Central de Inteligencia, (CIA)</subfield>
    <subfield code="9">62394</subfield>
  </datafield>
  <datafield tag="651" ind1=" " ind2="7">
    <subfield code="2"> lemb</subfield>
    <subfield code="a">Rep&#xFA;blica Dominicana </subfield>
    <subfield code="x">Historia </subfield>
    <subfield code="y">1961-1965</subfield>
    <subfield code="9">26964</subfield>
  </datafield>
  <datafield tag="700" ind1="1" ind2="0">
    <subfield code="a">Cornelio Marte, Rafael A.</subfield>
    <subfield code="9">201849</subfield>
    <subfield code="e">diagramador</subfield>
  </datafield>
  <datafield tag="942" ind1=" " ind2=" ">
    <subfield code="2">ddc</subfield>
    <subfield code="c">BK</subfield>
  </datafield>
  <datafield tag="999" ind1=" " ind2=" ">
    <subfield code="c">114330</subfield>
    <subfield code="d">114330</subfield>
  </datafield>
  <datafield tag="952" ind1=" " ind2=" ">
    <subfield code="0">0</subfield>
    <subfield code="1">0</subfield>
    <subfield code="2">ddc</subfield>
    <subfield code="7">0</subfield>
    <subfield code="8">GEN-RD</subfield>
    <subfield code="a">Principal</subfield>
    <subfield code="d">2025-11-12</subfield>
    <subfield code="l">0</subfield>
    <subfield code="o">RD 972.93054 G377f </subfield>
    <subfield code="p">260036</subfield>
    <subfield code="r">2026-01-23 16:08:23</subfield>
    <subfield code="t">Ej. 1</subfield>
    <subfield code="w">2026-01-23</subfield>
    <subfield code="y">BK</subfield>
  </datafield>
</record>
